[Event "FIDE Online Olympiad"]
[Site "Chess.com"]
[Date "2020.08.02"]
[EventDate "2020.07.31"]
[Round "7"]
[Result "1-0"]
[White "Nickaylah Curwin"]
[Black "Leslie Carolin Torres Hernandez"]
[WhiteElo "1422"]
[BlackElo "1884"]
[PlyCount "101"]

1. d4 Nf6 2. Bf4 g6 3. e3 Bg7 4. Nf3 d6 5. h3 O-O 6. Be2 Nc6
7. c3 Nd7 8. O-O e5 9. dxe5 dxe5 10. Bh2 f5 11. Nbd2 Qe7
12. Qc2 b6 13. Bc4+ Kh8 14. Bd5 Bb7 15. Qa4 Nc5 16. Qc2 Rad8
17. Bb3 Nd3 18. Bc4 Nc5 19. b4 Nd7 20. a4 a5 21. b5 Ncb8
22. Rfd1 Nc5 23. Be2 Nbd7 24. Nb3 Be4 25. Qb2 Nxb3 26. Qxb3
Nc5 27. Qb2 g5 28. Nd2 Bb7 29. Nb3 f4 30. exf4 gxf4 31. Nxc5
Qxc5 32. Qc2 Bh6 33. Bg4 e4 34. Kh1 e3 35. fxe3 fxe3 36. Rxd8
Rxd8 37. Rd1 Rd5 38. Bf3 Rxd1+ 39. Qxd1 Bxf3 40. gxf3 Bf8
41. Qd3 Kg7 42. Bg1 Qh5 43. Qxe3 Qxh3+ 44. Bh2 Bd6 45. Qg1+
Kf7 46. Qg2 Qh6 47. f4 Bxf4 48. Qd5+ Kf8 49. Qf5+ Ke8 50. Qxf4
Qe6 51. Qe5 1-0

[Event "FIDE Online Olympiad"]
[Site "Chess.com"]
[Date "2020.08.02"]
[EventDate "2020.07.31"]
[Round "7"]
[Result "1-0"]
[White "Marlon Miller"]
[Black "Darren McKennis"]
[WhiteElo "2092"]
[BlackElo "1607"]
[PlyCount "71"]

1. d4 d5 2. Nf3 Nf6 3. c4 c6 4. g3 Bf5 5. Bg2 e6 6. O-O Nbd7
7. Nc3 Bd6 8. Nh4 Bg6 9. Bg5 Be7 10. Nxg6 hxg6 11. cxd5 exd5
12. Qd3 O-O 13. Rab1 a5 14. Rfc1 Ne8 15. Bxe7 Qxe7 16. e4 dxe4
17. Nxe4 Nef6 18. Nc5 Nxc5 19. dxc5 Rfd8 20. Qc4 Rd2 21. Re1
Qd7 22. h3 Re8 23. Rxe8+ Qxe8 24. b4 axb4 25. Qxb4 Qe2 26. Qf4
Nh5 27. Qf3 Qe7 28. a4 Qxc5 29. Rxb7 Qc1+ 30. Kh2 Rd1 31. Qxc6
Qd2 32. Rb8+ Kh7 33. Qf3 Nf6 34. Qa8 g5 35. Rh8+ Kg6 36. Be4+
1-0

[Event "FIDE Online Olympiad"]
[Site "Chess.com"]
[Date "2020.08.02"]
[EventDate "2020.07.31"]
[Round "7"]
[Result "1-0"]
[White "Rachel Miller"]
[Black "Alejandra Nicolle Garcia Reyes"]
[WhiteElo "2004"]
[BlackElo "1506"]
[PlyCount "60"]

1. e4 c5 2. Nc3 Nc6 3. Bb5 d6 4. Bxc6+ bxc6 5. d3 g6 6. f4 Bg7
7. Nf3 Nf6 8. O-O O-O 9. Qe1 Nd7 10. f5 Ne5 11. Nxe5 Bxe5
12. Bh6 Bg7 13. Qh4 Bf6 14. Bg5 Ba6 15. Rf3 Bxg5 16. Qxg5 f6
17. Qh6 g5 18. h4 Kf7 19. Qh5+ Kg7 20. hxg5 Qe8 21. Qh6+ Kh8
22. Rh3 Rf7 23. g6 Rg7 24. Kf2 Qg8 25. Rah1 Rb8 26. b3 Bc8
27. Ne2 Rb7 28. Nf4 e5 29. gxh7 Rxg2+ 30. Nxg2 Qf8 1-0

[Event "FIDE Online Olympiad"]
[Site "Chess.com"]
[Date "2020.08.02"]
[EventDate "2020.07.31"]
[Round "7"]
[Result "1-0"]
[White "Hubert Randolf Tromp"]
[Black "Mansfield Thomas Winston Gerald"]
[WhiteElo "1609"]
[BlackElo "1806"]
[PlyCount "79"]

1. c4 c6 2. g3 Nf6 3. Bg2 g6 4. Nc3 Bg7 5. d4 O-O 6. e4 d6
7. b3 a5 8. Nf3 Qc7 9. O-O e5 10. Re1 Bg4 11. Be3 Re8 12. dxe5
dxe5 13. Qc2 Nbd7 14. Na4 Rac8 15. Rac1 h6 16. Nc5 Nxc5
17. Bxc5 b6 18. Be3 c5 19. Rcd1 Rcd8 20. h3 Bc8 21. Nd2 Bb7
22. Nb1 Bc6 23. Nc3 Qb7 24. Nd5 Kh7 25. Qd2 Ng8 26. g4 Rd7
27. Qc1 Ra8 28. f4 exf4 29. Bxf4 Re8 30. e5 Re6 31. h4 Ne7
32. h5 Nxd5 33. hxg6+ fxg6 34. cxd5 Bxd5 35. Bxd5 Rxd5
36. Rxd5 Qxd5 37. Rd1 Qf3 38. Re1 Qxg4+ 39. Kf2 Qf5 40. Kg3
1-0

[Event "FIDE Online Olympiad"]
[Site "Chess.com"]
[Date "2020.08.02"]
[EventDate "2020.07.31"]
[Round "8"]
[Result "1-0"]
[White "Octavio Croes"]
[Black "Aaron Ramtulla"]
[WhiteElo "1801"]
[BlackElo "1191"]
[PlyCount "73"]

1. d4 f5 2. c4 Nf6 3. g3 e6 4. Bg2 Nc6 5. Nf3 h6 6. Nc3 d5
7. Ne5 Nxe5 8. dxe5 Ng4 9. cxd5 Nxe5 10. dxe6 Qxd1+ 11. Nxd1
c6 12. Bd2 Bxe6 13. Bc3 Nd7 14. O-O Nb6 15. b3 Nd5 16. Bb2 f4
17. Nc3 fxg3 18. hxg3 Nb4 19. Rad1 Be7 20. Ne4 O-O 21. Nd6
Rab8 22. a3 Na6 23. b4 Nc7 24. Rd3 a6 25. Rfd1 Rfd8 26. e4 Kh7
27. e5 g6 28. Be4 Rg8 29. f4 Ne8 30. f5 Nxd6 31. fxg6+ Kh8
32. exd6+ Rg7 33. dxe7 Re8 34. Rd8 Bg8 35. Rxe8 a5 36. Rxg8+
Kxg8 37. e8=Q# 1-0

[Event "FIDE Online Olympiad"]
[Site "Chess.com"]
[Date "2020.08.02"]
[EventDate "2020.07.31"]
[Round "8"]
[Result "1-0"]
[White "Avian Pride"]
[Black "Ilya Stetsenko"]
[WhiteElo "1208"]
[BlackElo "1596"]
[PlyCount "61"]

1. d4 Nf6 2. Nf3 g6 3. Bg5 Bg7 4. Bxf6 Bxf6 5. e3 d6 6. Bd3
O-O 7. Nc3 c5 8. d5 a6 9. O-O b5 10. e4 b4 11. Ne2 Bxb2
12. Rb1 Bg7 13. Re1 Nd7 14. Qd2 Nb6 15. Nf4 a5 16. e5 dxe5
17. Nxe5 Qd6 18. Nc6 Bc3 19. Qe3 Bxe1 20. Nxe7+ Kh8 21. Rxe1
Bb7 22. Bxg6 fxg6 23. Nfxg6+ Kg7 24. Nxf8 Rxf8 25. Qg5+ Kh8
26. Re6 Qd8 27. Rh6 Qc7 28. Ng6+ Kg8 29. Nxf8+ Kxf8 30. Qf6+
Ke8 31. Qh8+ 1-0

[Event "FIDE Online Olympiad"]
[Site "Chess.com"]
[Date "2020.08.02"]
[EventDate "2020.07.31"]
[Round "8"]
[Result "1-0"]
[White "Rushawn White"]
[Black "Waldyr Espirito Santo"]
[WhiteElo "1784"]
[BlackElo "1915"]
[PlyCount "111"]

1. e4 e6 2. d4 d5 3. exd5 exd5 4. Nf3 Bd6 5. c4 Nf6 6. c5 Be7
7. Be2 Nc6 8. O-O O-O 9. Nc3 Bf5 10. Qb3 Rb8 11. Bf4 a6
12. Rfe1 Re8 13. Rad1 h6 14. Bg3 Bf8 15. Ne5 Be7 16. Bf3 Be6
17. Qa4 Nxe5 18. Bxe5 Bd7 19. Qa5 b6 20. Qxa6 bxc5 21. dxc5
Bxc5 22. Nxd5 Rxe5 23. Rxe5 Bd6 24. Ree1 Rxb2 25. Rb1 Bb5
26. Nxf6+ Qxf6 27. Qc8+ Kh7 28. Rxb2 Qxb2 29. Qf5+ Kg8 30. Bd5
Qf6 31. Qxf6 gxf6 32. Rc1 Kf8 33. Bc6 Ba6 34. a4 f5 35. Rb1
Ke7 36. Bb5 Bc8 37. a5 Bc5 38. Rc1 Kd6 39. a6 Be6 40. Rd1+ Ke7
41. g3 Bb6 42. Kg2 Bc5 43. Kf3 Bb6 44. Kg2 Bc5 45. f4 Bb6
46. Kh3 Bc5 47. Kh4 f6 48. Kh5 Kf7 49. Kxh6 Bf8+ 50. Kh7 Bc5
51. Rc1 Bb6 52. Rxc7+ Bxc7 53. a7 Bd5 54. Bc4 Bxc4 55. a8=Q
Be6 56. Qb7 1-0

[Event "FIDE Online Olympiad"]
[Site "Chess.com"]
[Date "2020.08.02"]
[EventDate "2020.07.31"]
[Round "8"]
[Result "1-0"]
[White "Raehanna Brown"]
[Black "Izidora Lourenco Lima"]
[WhiteElo "1540"]
[BlackElo "1345"]
[PlyCount "57"]

1. c4 e5 2. Nc3 Nc6 3. g3 Nf6 4. Bg2 Bc5 5. Nf3 d6 6. O-O Bg4
7. d3 Qd7 8. Bg5 h6 9. Bxf6 gxf6 10. Nd5 O-O-O 11. Nxf6 Qe6
12. Nxg4 Qxg4 13. a3 a6 14. b4 Ba7 15. e3 h5 16. h3 Qg7
17. Nh4 Ne7 18. b5 a5 19. Qf3 c6 20. bxc6 Nxc6 21. Rab1 Rd7
22. Nf5 Qf6 23. Rxb7 Rxb7 24. Qxc6+ Rc7 25. Nxd6+ Kd8 26. Nb7+
Kc8 27. Qxf6 Rf8 28. Nd6+ Kb8 29. Rb1+ 1-0

[Event "FIDE Online Olympiad"]
[Site "Chess.com"]
[Date "2020.08.02"]
[EventDate "2020.07.31"]
[Round "8"]
[Result "1-0"]
[White "Alejandro Jose Chinchilla"]
[Black "Moses Mufandaedza"]
[WhiteElo "2130"]
[BlackElo "1962"]
[PlyCount "93"]

1. b3 e5 2. Bb2 Nc6 3. e3 Nf6 4. Nf3 d6 5. c4 Be7 6. d4 e4
7. Nfd2 d5 8. Be2 O-O 9. Nc3 Bf5 10. a3 a5 11. cxd5 Nxd5
12. Ndxe4 Re8 13. Bf3 Nxc3 14. Nxc3 Bf6 15. O-O g5 16. Rc1 Qd7
17. Na4 Nd8 18. Nc5 Qc8 19. g3 Rb8 20. Re1 b6 21. Nd3 Be4
22. Bxe4 Rxe4 23. Qf3 Re6 24. d5 Bxb2 25. Nxb2 Rh6 26. Nc4 Qh3
27. Qg2 Qd7 28. e4 Nb7 29. e5 Nc5 30. Rc3 Re8 31. Rce3 Qb5
32. d6 Nxb3 33. d7 Rd8 34. e6 fxe6 35. Ne5 Nc5 36. Qf3 Nxd7
37. Qf7+ Kh8 38. Qe7 Nxe5 39. Qxd8+ Kg7 40. Rxe5 Qc6 41. Rxg5+
Rg6 42. Rxg6+ hxg6 43. Qe7+ Kh6 44. Rxe6 Qc1+ 45. Kg2 Qc4
46. Qf8+ Kg5 47. Re5+ 1-0

[Event "FIDE Online Olympiad"]
[Site "Chess.com"]
[Date "2020.08.02"]
[EventDate "2020.07.31"]
[Round "8"]
[Result "1-0"]
[White "Zuzana Kovacova"]
[Black "Bitia Cruz"]
[WhiteElo "2011"]
[BlackElo "1770"]
[PlyCount "89"]

1. e4 e5 2. Nf3 Nf6 3. Nxe5 d6 4. Nc4 Nxe4 5. Nc3 Nf6 6. d4 d5
7. Ne5 Bd6 8. Bg5 O-O 9. Be2 c5 10. Nf3 Be6 11. O-O Nbd7
12. Re1 Qc7 13. h3 a6 14. Bf1 c4 15. g3 h6 16. Bc1 b5 17. Bg2
b4 18. Ne2 Ne4 19. Bf4 Ndf6 20. Bxd6 Qxd6 21. Ne5 a5 22. Nf4
Ng5 23. Kh2 Nge4 24. Qe2 g5 25. Nxe6 fxe6 26. f3 Nxg3 27. Kxg3
Nh5+ 28. Kh2 Nf4 29. Qf2 b3 30. Kh1 a4 31. axb3 axb3 32. Rxa8
Rxa8 33. Bf1 bxc2 34. Qxc2 Ra7 35. Ng6 Nh5 36. Ne5 Ng3+
37. Kg2 Nf5 38. Qf2 Rb7 39. Re2 Rb3 40. Kh1 Nh4 41. f4 Nf5
42. fxg5 Ng3+ 43. Kg2 Nxe2 44. Qf7+ Kh8 45. Ng6# 1-0

[Event "FIDE Online Olympiad"]
[Site "Chess.com"]
[Date "2020.08.02"]
[EventDate "2020.07.31"]
[Round "8"]
[Result "1-0"]
[White "Any Figueroa"]
[Black "Shiela Cancino"]
[WhiteElo "1713"]
[BlackElo "1420"]
[PlyCount "47"]

1. Nf3 d5 2. d4 Nc6 3. g3 Nf6 4. Bg2 Bf5 5. O-O e6 6. c4 Be7
7. Nc3 O-O 8. cxd5 exd5 9. Bf4 a6 10. Rc1 Rc8 11. Re1 Qd7
12. Ne5 Nxe5 13. Bxe5 c6 14. e4 dxe4 15. Nxe4 Nxe4 16. Bxe4 g5
17. d5 f6 18. Bc3 Bxe4 19. Rxe4 cxd5 20. Rd4 Bc5 21. Rxd5 Qe6
22. Qf3 Bb6 23. Re1 Qc6 24. Qd3 1-0

[Event "FIDE Online Olympiad"]
[Site "Chess.com"]
[Date "2020.08.02"]
[EventDate "2020.07.31"]
[Round "8"]
[Result "1-0"]
[White "Adrian Winter Atwell"]
[Black "Anthony Drayton"]
[WhiteElo "2073"]
[BlackElo "1950"]
[PlyCount "63"]

1. e4 e6 2. d4 d5 3. exd5 exd5 4. c4 Nf6 5. Nc3 Be7 6. Bd3
dxc4 7. Bxc4 O-O 8. Nge2 c6 9. O-O Bg4 10. f3 Bf5 11. Be3 Nbd7
12. Ng3 Bg6 13. Re1 Nb6 14. Bb3 Nfd5 15. Bf2 Bd6 16. Nge4 Bc7
17. Ne2 f5 18. Nc5 Qb8 19. Ng3 Bf7 20. Ne6 Bxe6 21. Rxe6 Kh8
22. Bc2 f4 23. Qd3 g6 24. Rxg6 hxg6 25. Qxg6 Rf7 26. Qxf7 Qg8
27. Qh5+ Kg7 28. Nf5+ Kf8 29. Qh6+ Ke8 30. Nd6+ Bxd6 31. Qxd6
Nd7 32. Bh4 1-0

[Event "FIDE Online Olympiad"]
[Site "Chess.com"]
[Date "2020.08.02"]
[EventDate "2020.07.31"]
[Round "8"]
[Result "1-0"]
[White "Wendell Meusa"]
[Black "Ryan Harper"]
[WhiteElo "1987"]
[BlackElo "2198"]
[PlyCount "161"]

1. e4 c5 2. Nf3 e6 3. d3 Nc6 4. g3 g6 5. Bg2 Bg7 6. O-O d6
7. c3 Rb8 8. a4 a6 9. d4 cxd4 10. cxd4 Nge7 11. Nc3 O-O
12. Bg5 h6 13. Bxe7 Nxe7 14. Rc1 Bd7 15. d5 exd5 16. exd5 Qa5
17. Re1 Rfe8 18. Qd2 Rbc8 19. Ne4 Qxd5 20. Nxd6 Qxd2 21. Nxd2
Rxc1 22. Rxc1 Rb8 23. Rc7 Bc6 24. Rxe7 Bf8 25. Bxc6 Bxe7
26. Nxb7 Rc8 27. Be4 f5 28. Bd5+ Kg7 29. Nc4 Rc7 30. Nba5 Rd7
31. Nb6 Rc7 32. Nc6 Bc5 33. Nc4 Rd7 34. Bf3 Kf6 35. b4 Bf8
36. b5 axb5 37. axb5 Rd3 38. b6 Rb3 39. Bd5 Bc5 40. N6a5 Rb1+
41. Kg2 Bxb6 42. Nxb6 Rxb6 43. Nc4 Ra6 44. Ne3 g5 45. f4 Ra3
46. Kf2 Ra1 47. h4 gxh4 48. gxh4 Rb1 49. Bf3 Rb2+ 50. Be2 Ra2
51. Kf3 Ra3 52. Bd1 Rc3 53. h5 Ra3 54. Bc2 Rc3 55. Bxf5 Ra3
56. Bg6 Rb3 57. Bc2 Ra3 58. Be4 Ra5 59. Kg4 Ra3 60. Nf5 Ra4
61. Bf3 Ra1 62. Nxh6 Rg1+ 63. Kh3 Ra1 64. Kg3 Rg1+ 65. Bg2 Ra1
66. Ng4+ Kg7 67. h6+ Kh8 68. Be4 Ra4 69. Bg6 Ra6 70. f5 Ra1
71. Kh4 Ra4 72. f6 Rb4 73. Kg5 Rb5+ 74. Bf5 Ra5 75. Kg6 Ra4
76. Ne5 Ra7 77. f7 Ra6+ 78. Kg5 Rf6 79. h7 Kg7 80. Ng6 Kxh7
81. Kxf6 1-0

[Event "FIDE Online Olympiad"]
[Site "Chess.com"]
[Date "2020.08.02"]
[EventDate "2020.07.31"]
[Round "8"]
[Result "1-0"]
[White "Gabriella Johnson"]
[Black "Maria Varona-Thomas"]
[WhiteElo "1733"]
[BlackElo "1733"]
[PlyCount "55"]

1. e4 c5 2. Ne2 g6 3. d4 Bg7 4. Nbc3 cxd4 5. Nxd4 Nc6 6. Be3
a6 7. Be2 d6 8. Qd2 Nf6 9. f3 Qc7 10. h4 Bd7 11. g4 h5 12. g5
Nh7 13. O-O-O O-O-O 14. Nd5 Qb8 15. Nxc6 Bxc6 16. Nxe7+ Kd7
17. Nd5 Bxd5 18. Qxd5 Ke8 19. Bb6 Rd7 20. Bd4 Bxd4 21. Qxd4
Rg8 22. e5 Nf8 23. Bc4 Ne6 24. Bxe6 fxe6 25. exd6 Qc8 26. Rhe1
Rf8 27. Rxe6+ Kd8 28. Qb6+ 1-0

[Event "FIDE Online Olympiad"]
[Site "Chess.com"]
[Date "2020.08.02"]
[EventDate "2020.07.31"]
[Round "8"]
[Result "1-0"]
[White "Isaiah McIntosh"]
[Black "Rajiv Adhikari Lee"]
[WhiteElo "1902"]
[BlackElo "1530"]
[PlyCount "57"]

1. e4 e5 2. Nf3 Nc6 3. Bb5 a6 4. Ba4 b5 5. Bb3 Be7 6. d3 Nf6
7. O-O O-O 8. Nc3 Bb7 9. h3 h6 10. Be3 d6 11. a3 Kh8 12. Qd2
Ng8 13. a4 bxa4 14. Rxa4 Bf6 15. Ne2 Kh7 16. Ng3 Nge7 17. Nh5
Ng6 18. Rfa1 Qc8 19. Nxf6+ gxf6 20. Bxh6 Rg8 21. Bxf7 Rd8
22. Bxg6+ Kxg6 23. Nh4+ Kh7 24. Nf5 Rg8 25. Bg7 Kg6 26. Qh6+
Kf7 27. Qxf6+ Ke8 28. Qg6+ Kd7 29. Qf7+ 1-0

[Event "FIDE Online Olympiad"]
[Site "Chess.com"]
[Date "2020.08.02"]
[EventDate "2020.07.31"]
[Round "9"]
[Result "1-0"]
[White "Taffin Khan"]
[Black "Philip Hanna Jr"]
[WhiteElo "1989"]
[BlackElo "1734"]
[PlyCount "113"]

1. Nf3 Nf6 2. b3 d6 3. Bb2 Nbd7 4. d3 g6 5. g3 Bg7 6. Bg2 O-O
7. O-O c6 8. e4 e5 9. Nbd2 Ne8 10. d4 exd4 11. Bxd4 Nef6
12. Re1 Re8 13. c4 Ng4 14. Bxg7 Kxg7 15. h3 Nge5 16. Nxe5 Nxe5
17. Qc2 Qa5 18. Kh2 Be6 19. f4 Nd7 20. Nf3 f5 21. Qb2+ Kg8
22. Ng5 Nc5 23. b4 Qb6 24. Qc3 Nxe4 25. Nxe4 fxe4 26. Rxe4 Bf5
27. Rd4 c5 28. bxc5 dxc5 29. Rd2 Qb4 30. Qxb4 cxb4 31. Bxb7
Rab8 32. Bd5+ Kg7 33. g4 Be4 34. Kg3 Rbd8 35. Rad1 a5 36. Bxe4
Rxd2 37. Rxd2 Rxe4 38. Rc2 a4 39. Kf3 b3 40. axb3 axb3 41. Rb2
Rxc4 42. Rxb3 Ra4 43. h4 h6 44. Rb7+ Kf6 45. g5+ hxg5
46. hxg5+ Kf5 47. Rf7+ Ke6 48. Rf6+ Ke7 49. Rxg6 Kf7 50. Rf6+
Kg7 51. Kg4 Kh7 52. Kh5 Ra1 53. g6+ Kh8 54. Rf7 Rh1+ 55. Kg5
Rg1+ 56. Kf6 Rf1 57. f5 1-0

[Event "FIDE Online Olympiad"]
[Site "Chess.com"]
[Date "2020.08.02"]
[EventDate "2020.07.31"]
[Round "9"]
[Result "1-0"]
[White "Ethan Lee"]
[Black "Aidan Mart"]
[WhiteElo "1324"]
[BlackElo "1262"]
[PlyCount "33"]

1. d4 d5 2. Bf4 Nf6 3. Nf3 Nc6 4. e3 Bg4 5. Be2 e6 6. h3 Bh5
7. O-O Bd6 8. c3 Bxf4 9. exf4 O-O 10. Nbd2 Bxf3 11. Nxf3 Qd6
12. Ne5 Nd7 13. Bd3 f6 14. Qh5 Ncxe5 15. Bxh7+ Kh8 16. Bg6+
Kg8 17. Qh7# 1-0

[Event "FIDE Online Olympiad"]
[Site "Chess.com"]
[Date "2020.08.02"]
[EventDate "2020.07.31"]
[Round "9"]
[Result "1-0"]
[White "Adrian Winter Atwell"]
[Black "Alejandro Jose Chinchilla"]
[WhiteElo "2073"]
[BlackElo "2130"]
[PlyCount "119"]

1. e4 c5 2. Nf3 d6 3. d4 cxd4 4. c3 Nf6 5. Bd3 dxc3 6. Nxc3
Nc6 7. h3 e6 8. O-O Be7 9. Qe2 O-O 10. Bf4 e5 11. Be3 h6
12. Rfd1 Be6 13. Bb5 Qb8 14. Nd5 Bd8 15. Rac1 Bxd5 16. exd5
Ne7 17. Bc4 Nf5 18. Bd2 Bb6 19. Bc3 Ng3 20. Qe1 Nge4 21. Rc2
Nxc3 22. Qxc3 Ne4 23. Qe1 f5 24. Bd3 Nc5 25. Bf1 a5 26. Nh4
Qa7 27. Bd3 e4 28. Bb5 f4 29. Qc3 Rf6 30. Kh1 Raf8 31. g4 fxg3
32. Qxg3 Nd3 33. Bxd3 exd3 34. Qxd3 Bxf2 35. Ng6 Rxg6 36. Qxg6
Qe3 37. Qe6+ Qxe6 38. dxe6 Bc5 39. Kg2 Rf6 40. Re2 Kf8 41. Rf1
Rxf1 42. Kxf1 Ke7 43. Kg2 Bd4 44. Kf3 Be5 45. b3 Kxe6 46. Rc2
b6 47. Ke4 d5+ 48. Kd3 Kd6 49. a3 g5 50. b4 axb4 51. axb4 h5
52. b5 Bf4 53. Rc6+ Ke5 54. Rh6 h4 55. Rxb6 Kf5 56. Rh6 Bh2
57. b6 g4 58. Rxh4 g3 59. Rg4 Ke5 60. b7 1-0

[Event "FIDE Online Olympiad"]
[Site "Chess.com"]
[Date "2020.08.02"]
[EventDate "2020.07.31"]
[Round "9"]
[Result "1-0"]
[White "Marlon Miller"]
[Black "Isaiah McIntosh"]
[WhiteElo "2092"]
[BlackElo "1902"]
[PlyCount "69"]

1. d4 d5 2. Nf3 Nf6 3. c4 e6 4. g3 a6 5. Bg2 Nbd7 6. O-O Be7
7. Qc2 O-O 8. Rd1 b6 9. Bf4 Bb7 10. cxd5 Nxd5 11. Nc3 Nxf4
12. gxf4 Nf6 13. Ne5 Bxg2 14. Kxg2 Qc8 15. Nc6 Bd6 16. e3 Nd5
17. Ne4 Qb7 18. Kg1 g6 19. Rac1 Rfe8 20. Qe2 Bf8 21. Ng5 Bg7
22. Qg4 h6 23. Nf3 a5 24. Nfe5 a4 25. h4 a3 26. b3 Qa6 27. Kh2
Nf6 28. Qg2 Qb5 29. Rg1 Qd5 30. f3 Nh5 31. Nxf7 Kxf7 32. Qxg6+
Kf8 33. Ne5 Bxe5 34. fxe5 Ke7 35. Qh7+ 1-0

[Event "FIDE Online Olympiad"]
[Site "Chess.com"]
[Date "2020.08.02"]
[EventDate "2020.07.31"]
[Round "9"]
[Result "1-0"]
[White "Waldyr Espirito Santo"]
[Black "Serguei Gontcharov"]
[WhiteElo "1915"]
[BlackElo "1839"]
[PlyCount "47"]

1. e4 c5 2. d3 Nc6 3. Nf3 e6 4. g3 d5 5. Qe2 dxe4 6. dxe4 e5
7. c3 Nf6 8. Bg2 Bg4 9. h3 Bxf3 10. Qxf3 Be7 11. O-O O-O
12. Rd1 Qc7 13. Na3 a6 14. Nc4 Rad8 15. Bg5 b5 16. Ne3 Rxd1+
17. Rxd1 Rd8 18. h4 c4 19. Rxd8+ Bxd8 20. Bh3 h6 21. Bxf6 Bxf6
22. Nf5 Ne7 23. Nxh6+ Kf8 24. Ng4 1-0

[Event "FIDE Online Olympiad"]
[Site "Chess.com"]
[Date "2020.08.02"]
[EventDate "2020.07.31"]
[Round "9"]
[Result "1-0"]
[White "Fabio Costa Alegre"]
[Black "Dimitri Gontcharov"]
[WhiteElo "1576"]
[BlackElo "1456"]
[PlyCount "139"]

1. e4 c5 2. Nf3 e6 3. d4 cxd4 4. Nxd4 a6 5. c4 Nf6 6. Nc3 Qc7
7. Be2 b6 8. O-O Bb7 9. Qc2 Bc5 10. Nb3 Be7 11. Be3 O-O
12. Rfd1 d6 13. Rac1 Nc6 14. f3 Rac8 15. Nd2 Ne5 16. b3 Nc6
17. Nf1 Rfd8 18. Qd2 Ba8 19. Qe1 Qb8 20. Qf2 Nd7 21. g4 h6
22. h4 Nce5 23. g5 hxg5 24. hxg5 Ng6 25. Ng3 f6 26. gxf6 Nxf6
27. Bxb6 Rf8 28. Ba7 Qc7 29. Qb6 Qd7 30. Qe3 e5 31. Nf5 Rc6
32. Nd5 Nxd5 33. cxd5 Rc7 34. Rxc7 Qxc7 35. Rc1 Qd7 36. Bxa6
Nf4 37. Bc8 Qe8 38. Rc7 Qg6+ 39. Kf1 Qg2+ 40. Ke1 Bf6 41. Be6+
Kh8 42. Kd1 Qxa2 43. Rc2 Qb1+ 44. Qc1 Qxb3 45. Qe3 Qxe3
46. Rh2+ Bh4 47. Rxh4+ Nh5 48. Bxe3 g6 49. Ne7 Kg7 50. Rg4 Nf4
51. Bxf4 Rxf4 52. Nxg6 Rxg4 53. fxg4 Kxg6 54. Bc8 Kg5 55. Ke2
Kg6 56. Kd3 Kg5 57. Ke3 Kg6 58. Kf3 Kg5 59. Kg3 Kg6 60. Kh4
Kh6 61. g5+ Kg6 62. Kg4 Kg7 63. Kf5 Kf7 64. g6+ Kg7 65. Kg5
Kg8 66. Kf6 Kf8 67. g7+ Kg8 68. Kg6 Bxd5 69. exd5 e4 70. Be6#
1-0

[Event "FIDE Online Olympiad"]
[Site "Chess.com"]
[Date "2020.08.02"]
[EventDate "2020.07.31"]
[Round "9"]
[Result "1-0"]
[White "Maximiliano Rocha"]
[Black "Octavio Croes"]
[WhiteElo "2087"]
[BlackElo "1801"]
[PlyCount "55"]

1. e4 c5 2. c3 d5 3. exd5 Qxd5 4. d4 Nf6 5. Nf3 Nc6 6. Be3
cxd4 7. cxd4 e6 8. Bd3 Bb4+ 9. Nc3 O-O 10. O-O Qd6 11. Rc1 Ng4
12. Bxh7+ Kh8 13. Bb1 Nxe3 14. fxe3 Qe7 15. d5 Rd8 16. Qc2 g6
17. dxc6 Bc5 18. Ne5 Bxe3+ 19. Kh1 Rd2 20. Nxf7+ Qxf7 21. Rxf7
Rxc2 22. Rxc2 Kg8 23. cxb7 Bxb7 24. Rxb7 Rf8 25. g3 Bd4
26. Rc1 Rf2 27. Ne4 Re2 28. Rc8# 1-0

[Event "FIDE Online Olympiad"]
[Site "Chess.com"]
[Date "2020.08.02"]
[EventDate "2020.07.31"]
[Round "9"]
[Result "1-0"]
[White "Cristiana Yorlene Martinez Orozco"]
[Black "Annelaine Jacobs"]
[WhiteElo "1283"]
[BlackElo "1612"]
[PlyCount "45"]

1. d4 g6 2. Nf3 Bg7 3. c4 Nf6 4. Nc3 d6 5. e4 Bg4 6. Be2 O-O
7. O-O Nbd7 8. Be3 e5 9. d5 Bxf3 10. Bxf3 Nb6 11. Be2 c6
12. b4 cxd5 13. cxd5 Rc8 14. Qb3 Nfd7 15. a4 a6 16. a5 Na8
17. b5 Nc5 18. Bxc5 Rxc5 19. b6 Qd7 20. Qb4 Rfc8 21. Na4 Rc2
22. Bd3 Rb2 23. Qxb2 1-0

[Event "FIDE Online Olympiad"]
[Site "Chess.com"]
[Date "2020.08.02"]
[EventDate "2020.07.31"]
[Round "9"]
[Result "1-0"]
[White "Kyell-Jean Antonio"]
[Black "Jose Nahum Espinoza Solano"]
[WhiteElo "1432"]
[BlackElo "1874"]
[PlyCount "91"]

1. e4 e5 2. Nf3 Nc6 3. Bc4 Nf6 4. d3 Bc5 5. c3 O-O 6. O-O d6
7. b4 Bb6 8. a4 a5 9. b5 Ne7 10. Qb3 h6 11. Nbd2 Ng6 12. Re1
Nf4 13. Ba3 Ng4 14. d4 Be6 15. h3 Nf6 16. dxe5 N6h5 17. exd6
cxd6 18. Nf1 Rc8 19. Bd5 Qf6 20. Ne3 Rxc3 21. Qa2 Nxh3+
22. gxh3 Qxf3 23. e5 Bxh3 24. Bxf3 Nf4 25. Qd2 Rfc8 26. Rac1
Rxc1 27. Rxc1 Rxc1+ 28. Qxc1 dxe5 29. Kh2 Be6 30. Be4 g6
31. Qd2 f5 32. Bxb7 Kg7 33. Ng2 g5 34. Nxf4 gxf4 35. Qe2 Kf6
36. Bb2 Bc7 37. Bc6 Bb3 38. b6 Bxb6 39. Qxe5+ Kf7 40. Qxf5+
Ke7 41. Qe5+ Be6 42. Ba3+ Kf7 43. Bd5 Bxd5 44. Qxd5+ Kg6
45. Qd6+ Kg5 46. Qxb6 1-0

[Event "FIDE Online Olympiad"]
[Site "Chess.com"]
[Date "2020.08.07"]
[EventDate "2020.08.07"]
[Round "2"]
[Result "1-0"]
[White "Hoi Yau Ashley Cheung"]
[Black "Taegyeong Kim"]
[WhiteElo "1119"]
[BlackElo "1523"]
[PlyCount "71"]

1. d4 d5 2. Nf3 e6 3. g3 Be7 4. Bg2 h6 5. O-O Nf6 6. c4 O-O
7. cxd5 exd5 8. Nc3 c6 9. Re1 Bf5 10. Nh4 Bh7 11. f3 g5 12. e4
gxh4 13. Bxh6 Re8 14. e5 Nh5 15. f4 Ng7 16. Qg4 Bg6 17. Bxg7
Kxg7 18. f5 Nd7 19. fxg6 fxg6 20. Bf1 Nf8 21. Bd3 Qd7 22. e6
Qd6 23. Kg2 hxg3 24. hxg3 Bf6 25. a3 Rxe6 26. Bxg6 Rxe1
27. Be8+ Kh8 28. Rxe1 Nh7 29. Qh5 Qf8 30. Rh1 Qg7 31. Bg6 Bxd4
32. Qf5 Rf8 33. Rxh7+ Qxh7 34. Qxf8+ Qg8 35. Qh6+ Qh7
36. Qxh7# 1-0

[Event "FIDE Online Olympiad"]
[Site "Chess.com"]
[Date "2020.08.07"]
[EventDate "2020.08.07"]
[Round "3"]
[Result "1-0"]
[White "Karen Hoshino"]
[Black "Hoi Yau Ashley Cheung"]
[WhiteElo "1708"]
[BlackElo "1119"]
[PlyCount "99"]

1. d4 Nf6 2. c4 d5 3. cxd5 Nxd5 4. e4 Nf6 5. Nc3 g6 6. Be3 Bg7
7. Bc4 Bg4 8. f3 Be6 9. Bxe6 fxe6 10. Qb3 Qd7 11. Nge2 Nc6
12. O-O Rb8 13. Rfd1 O-O 14. Na4 b6 15. Rac1 Na5 16. Qc2 Rbc8
17. b4 Nb7 18. Qc6 Qxc6 19. Rxc6 Nd8 20. Rc2 Nd7 21. Rdc1 e5
22. d5 Nf6 23. Rxc7 Rxc7 24. Rxc7 a5 25. b5 e6 26. Nxb6 Ne8
27. Ra7 Nd6 28. Rxa5 exd5 29. exd5 N8b7 30. Ra7 Re8 31. a4 Nd8
32. Rd7 N8f7 33. Rc7 e4 34. Kf2 Be5 35. f4 Bf6 36. Nd7 Bd8
37. Rc6 Be7 38. Nd4 Nd8 39. Rc2 Nf5 40. Nxf5 gxf5 41. a5 Nb7
42. a6 Na5 43. b6 Rd8 44. b7 Bd6 45. Rc8 Bc7 46. Rxd8+ Bxd8
47. b8=Q Kf7 48. Qxd8 Kg6 49. Ne5+ Kh6 50. Qg5# 1-0

[Event "FIDE Online Olympiad"]
[Site "Chess.com"]
[Date "2020.08.07"]
[EventDate "2020.08.07"]
[Round "1"]
[Result "1-0"]
[White "Jawad Farhat"]
[Black "Fanilo Nomenjanahary"]
[WhiteElo "1693"]
[BlackElo "1399"]
[PlyCount "49"]

1. c4 Nf6 2. Nc3 g6 3. g3 Bg7 4. Bg2 O-O 5. e3 d6 6. Nge2 c5
7. O-O Nc6 8. d3 a6 9. a3 Rb8 10. Rb1 e6 11. b4 cxb4 12. axb4
d5 13. b5 axb5 14. cxb5 Ne7 15. Ba3 Re8 16. Qb3 Nf5 17. e4 Ne7
18. e5 Ng4 19. d4 Bd7 20. Na4 Nf5 21. Rfc1 Bh6 22. Rc2 Bf8
23. Bxf8 Rxf8 24. Nc5 b6 25. Na6 1-0